People in Pictures with Pope John Paul II - Statistics

General Stats
  • This quiz has been taken 103 times
  • The average score is 14 of 20
Answer Stats
Picture Answer % Correct
Queen Elizabeth
99%
Mother Theresa
97%
Vladimir Putin
93%
King Charles
92%
Nelson Mandela
92%
Princess Diana
89%
Ronald Reagan
88%
Muhammad Ali
84%
Dalai Lama
82%
Jimmy Carter
78%
Mikhail Gorbachev
73%
Pope Benedict XVI
70%
Fidel Castro
64%
Clint Eastwood
60%
Pope Leo XIV
53%
Pelé
49%
Rosa Parks
46%
Andy Warhol
43%
Hugo Chavez
36%
Bob Dylan
32%
No matching quizzes found
Score Distribution
Percent of People with Each Score
Percentile by Number Answered
Your Score History
You have not taken this quiz